| 000 | 00438nmm a2200145Ia 4500 | ||
|---|---|---|---|
| 008 | 251105s9999||||xx |||||||||||||||||und|| | ||
| 041 | _aspa | ||
| 100 | _aLas Heras, Antonio | ||
| 245 | 0 | _aJesús de Nazareth | |
| 264 |
_a[Madrid, España] : _bEdiciones Nowtilus, _c[Fecha de publicación no identificada] |
||
| 300 | _a304 páginas | ||
| 650 | _aReligion(s) | ||
| 856 | _uhttps://public.digitaliapublishing.com/a/84431 | ||
| 942 | _cCF | ||
| 999 |
_c103856 _d103856 |
||